000 00580nam a2200181Ia 4500
999 _c23433
_d23433
003 OSt
005 20200515090758.0
008 190216s9999||||xx |||||||||||||| ||und||
020 _a9781782392323
040 _coclc
082 _a297.63
_bHAZ/F
100 _a Hazleton, Lesley
_92270
245 4 _aThe First Muslim The Story Of Muhammad /
_cLesley Hazleton
260 _bAtlantic Publications & Distributors,
_c2013.
_aLondon:
300 _a320p
650 0 _aHistory & geography
_vIslamic History
_92271
942 _cBK
_2ddc
_h297.63
_iHAZ/F
_k297.63
_mHAZ/F